| 000 | 00358nam a2200145Ia 4500 | ||
|---|---|---|---|
| 005 | 20251222144725.0 | ||
| 008 | 251222s9999||||xx |||||||||||||| ||spa|| | ||
| 020 | _a978-0-495-11475-8 | ||
| 082 | _a004.015.1/C543 | ||
| 100 | _aCheney, Ward | ||
| 245 | 0 | _aMétodos Numéricos y Computación | |
| 250 | _a6a.ed. | ||
| 264 | _bCengage Learning | ||
| 942 | _cLIB | ||
| 999 |
_c18369 _d18369 |
||